<?xml version="1.0" encoding="UTF-8"?>
<record
    xmlns:xsi="http://www.w3.org/2001/XMLSchema-instance"
    xsi:schemaLocation="http://www.loc.gov/MARC21/slim http://www.loc.gov/standards/marcxml/schema/MARC21slim.xsd"
    xmlns="http://www.loc.gov/MARC21/slim">

  <leader>00444nam a2200157Ia 4500</leader>
  <controlfield tag="008">220530s9999    xx            000 0 und d</controlfield>
  <datafield tag="020" ind1=" " ind2=" ">
    <subfield code="a">9780749469368</subfield>
  </datafield>
  <datafield tag="041" ind1=" " ind2=" ">
    <subfield code="a">eng</subfield>
  </datafield>
  <datafield tag="082" ind1=" " ind2=" ">
    <subfield code="a">823</subfield>
    <subfield code="b">CAL</subfield>
  </datafield>
  <datafield tag="100" ind1=" " ind2=" ">
    <subfield code="a">Calpan, Janice</subfield>
    <subfield code="9">57551</subfield>
  </datafield>
  <datafield tag="245" ind1=" " ind2=" ">
    <subfield code="a">Strategic Talent Development</subfield>
    <subfield code="b">Develop and Engage all your People for Business Success</subfield>
  </datafield>
  <datafield tag="250" ind1=" " ind2=" ">
    <subfield code="a">1st Ed.</subfield>
  </datafield>
  <datafield tag="260" ind1=" " ind2=" ">
    <subfield code="a">London</subfield>
    <subfield code="b">Kogan Page</subfield>
    <subfield code="c">2013</subfield>
  </datafield>
  <datafield tag="300" ind1=" " ind2=" ">
    <subfield code="a">IX;244P.</subfield>
    <subfield code="b">PB</subfield>
  </datafield>
  <datafield tag="906" ind1=" " ind2=" ">
    <subfield code="a">248.75</subfield>
    <subfield code="b">GB</subfield>
  </datafield>
  <datafield tag="999" ind1=" " ind2=" ">
    <subfield code="c">51932</subfield>
    <subfield code="d">51932</subfield>
  </datafield>
  <datafield tag="952" ind1=" " ind2=" ">
    <subfield code="0">0</subfield>
    <subfield code="1">0</subfield>
    <subfield code="4">0</subfield>
    <subfield code="7">0</subfield>
    <subfield code="8">Non Technical </subfield>
    <subfield code="a">CEWN</subfield>
    <subfield code="b">CEWN</subfield>
    <subfield code="d">2014-03-14</subfield>
    <subfield code="e">Allied Publisher Pvt. Ltd.</subfield>
    <subfield code="g">995.00</subfield>
    <subfield code="o">823/CAL</subfield>
    <subfield code="p">CEWN-BK-5642</subfield>
    <subfield code="r">2022-05-30 00:00:00</subfield>
    <subfield code="v">746.25</subfield>
    <subfield code="w">2022-05-30</subfield>
    <subfield code="y">BK</subfield>
    <subfield code="z">005642</subfield>
  </datafield>
</record>
